000 00986nam a2200277Ia 4500
001 Para_10059
003 CHAP
008 220125sDici xx 000 0 und d
010 _a208746
040 _cCHAP
090 _aPA CD - TESIS 140
100 _aCariño Ibarra, Claudia
_918976
245 _aIdentificación del Ácaro blanco de la zarzamora (Rubus spp.) en los Reyes, Michoacán /
_c Claudia Cariño Ibarra; Director Ma. del Carmen Sánchez Gálvez
260 _aChapingo, Méx. :
_b el autor
300 _a1 CDS ROM (72 p.)
502 _aTesis (Ing. Agr. Esp. en Parasitología Agrícola). UACh. Departamento Parasitología Agrícola
700 _aSánchez Gálvez, Ma. del Carmen. Director
_9175073
710 _aUACh. Departamento Parasitología Agrícola
_9164025
901 _aPA CD - TESIS 140
902 _aM
905 _a513220Diciembre, 2011 a 8100000000 06
910 _aDici
942 _cPARA
942 _cPARA
_d2
999 _c208746
_d208746